000 01314nam a2200325 i 4500
005 20220317002034.0
007 ta
008 201111s2016 ck a||aer|||| 00| 0dspa d
020 _a9789587387933
040 _aCO-BoRNBP
_bspa
_erda
_cCO-BoRNBP
041 0 _aspa
082 0 4 _a371.337
_bB14e
_222
100 1 _aBalanta Cobo, Paola
_eautora
245 1 0 _aEntornos y ambientes para jugar, disfrutar y aprender
_borientaciones para familias y cuidadores de niños y niñas
_cPaola Balanta Cobo, Ángela María Peñaranda Saavedra
250 _aPrimera edición
264 1 _aBogotá
_bEditorial Universidad del Rosario
_c2016
300 _a55 páginas
_bilustraciones
_c21 cm
336 _2rdacontent
_atexto
_btxt
337 _2rdamedia
_asin mediación
_bn
338 _2rdacarrier
_avolumen
_bnc
490 0 _aColección Lecciones Escuela de Medicina y Ciencias de la Salud
500 _aEl texto incluye resumen en español e inglés
504 _aBibliografía: páginas 351-355
545 _aIncluye datos biográficos de las autoras en la solapa
650 1 7 _aJuegos educativos
_xPlaneación
_vGuías
_2LEMB
650 1 7 _aDesarrollo infantil
_vGuías
_2LEMB
650 1 7 _aÁreas de recreación
_xPlaneación
_vGuías
_2LEMB
700 1 _aPeñaranda Saavedra, Ángela María
_eautora
_9169942
942 _2ddc
_cBK
999 _c8979
_d8979